Hranice populárnej literatúry vo fantastike na príklade cyberpunku

Bibliographic Details
Main Author: Herec, Ondrej, 1944-2020 (Author)
Format: Article
Language:Slovak
PhysicalDescription:Fotogr.
ISSN:1335-180X
Subjects:

MARC

LEADER 00000nab a2200000 a 4500
001 vtls000652611
003 SK-MaSNL
005 20260304084210.0
008 250425c1997 xo 0 slo
015 |a SNBRA1998/02-04853 
035 |a CLN000004805 
035 |a urn:nbn:sk:snk-ab7ekv 
035 |a (uuid)2a01fee5-ce5a-4dce-b316-e081ced3dbab 
035 |a (urnnbn)urn:nbn:sk:snk:ar-a07x6x 
035 |a (sysno)vtls000652611 
040 |a SNKBUCL  |b slo  |c SNKBUCL  |e AACR2 
041 0 |a slo 
044 |a xo  |c SK 
080 |a 82.0:82-1/-9  |2 1997 
100 1 |a Herec, Ondrej,  |d 1944-2020  |4 aut  |9 105636 
245 1 0 |a Hranice populárnej literatúry vo fantastike na príklade cyberpunku  |c Ondrej Herec 
300 |b Fotogr. 
500 |a Inform. o aut. 
650 0 7 |a fantastická literatúra  |2 snkbucl  |9 31822 
650 0 7 |a kyberpunk  |2 snkbucl  |9 28397 
650 0 7 |a vedecko-fantastická literatúra  |2 snkbucl  |9 31823 
655 7 |a články z novín a časopisov  |2 snkbucl  |9 267496 
773 0 |t Literika  |g Roč. 2, č. 4 (1997), s. 97-101  |x 1335-180X 
850 |a Slovenská národná knižnica 
852 |a Slovenská národná knižnica 
954 |a odborná, vedecká literatúra pôvodná (slovenská)  |2 lita 
958 |a article27 
958 |a LX 
958 |a OND 
958 |a EUIPO 
999 |c 2802349  |d 2804279